000 00461 a2200121 4500
001 ART_7311
005 20260410161554.0
008 260409a
245 1 0 _aEl informe del auditor sobre el cumplimiento con las normas internacionales de información financiera y las normas contables nacionales
100 1 _aCasal, Armando Miguel
700 1 _aWainstein, Mario
773 0 _tProfesional & Empresaria
_g- Año VIII, Nº 94 (jul. 2007)
_wREV70
999 _c9065
_d9065